[Event "18th Asia-ch (w)"]
[Site "Sharjah UAE"]
[Date "2014.04.24"]
[Round "8.8"]
[White "Nguyen Thi Mai Hung"]
[Black "Pham Le Thao Nguyen"]
[Result "1/2-1/2"]
[WhiteElo "2312"]
[BlackElo "2332"]
[EventDate "2014.04.17"]
[PlyCount "53"]

1.d4 d5 2.Nf3 Nf6 3.e3 c6 4.c4 Bf5 5.Nc3 e6 6.Nh4 Bg6 7.Qb3 Qb6 8.Nxg6 
hxg6 9.Be2 Nbd7 10.Bd2 Be7 11.Rc1 Qxb3 12.axb3 O-O 13.O-O a6 14.f3 Rfe8 
15.Bd3 Bf8 16.Rfe1 Rad8 17.Rcd1 Bd6 18.Bc2 Bc7 19.e4 dxe4 20.Nxe4 Nxe4 21.
fxe4 e5 22.d5 Bb6+ 23.Kf1 Bd4 24.Bc3 c5 25.Rd3 b6 26.Rf3 a5 27.Ke2 1/2-1/2

[Event "18th Asia-ch (w)"]
[Site "Sharjah UAE"]
[Date "2014.04.24"]
[Round "8.9"]
[White "Gomes, Mary Ann"]
[Black "Swathi, Ghate"]
[Result "0-1"]
[WhiteElo "2386"]
[BlackElo "2269"]
[EventDate "2014.04.17"]
[PlyCount "64"]

1.g3 d5 2.Bg2 c5 3.c4 d4 4.d3 Nc6 5.Nf3 e5 6.O-O Bd6 7.e3 Nge7 8.exd4 cxd4
9.Na3 O-O 10.Nc2 Rb8 11.Ng5 f5 12.Re1 h6 13.Nf3 Ng6 14.a3 Qf6 15.Nd2 e4 
16.dxe4 f4 17.e5 Bxe5 18.Ne4 Qf5 19.Nb4 f3 20.Bh1 Bd7 21.Nd2 d3 22.Nxf3 
Nxb4 23.axb4 Bc6 24.Re3 Bd4 25.Rxd3 Bb6 26.c5 Ne5 27.cxb6 Nxd3 28.bxa7 
Rbd8 29.a8=Q Rxa8 30.Rxa8 Rxa8 31.Be3 Nxb2 32.Qb3+ Qd5 0-1

[Event "18th Asia-ch (w)"]
[Site "Sharjah UAE"]
[Date "2014.04.24"]
[Round "8.10"]
[White "Soumya, Swaminathan"]
[Black "Derakhshani, Dorsa"]
[Result "1-0"]
[WhiteElo "2336"]
[BlackElo "2154"]
[EventDate "2014.04.17"]
[PlyCount "85"]

1.d4 Nf6 2.c4 e6 3.g3 Bb4+ 4.Bd2 Bxd2+ 5.Qxd2 d6 6.Bg2 Qe7 7.Nf3 O-O 8.O-O
e5 9.Nc3 Nc6 10.Rfe1 h6 11.Nd5 Qd8 12.Qc3 Ne4 13.Qe3 Ng5 14.Nxg5 exd4 15.
Qd2 hxg5 16.b4 a6 17.b5 axb5 18.cxb5 Na7 19.b6 cxb6 20.Qxd4 b5 21.Nb6 Nc6 
22.Bxc6 Ra6 23.Nxc8 Rxc6 24.Na7 Rc5 25.a4 Qb6 26.axb5 Ra8 27.Qa4 Rc7 28.
Ra2 d5 29.Rea1 Rc4 30.Qa5 Qe6 31.Qd2 Re4 32.Qxg5 d4 33.Qd2 Rd8 34.Qd3 f5 
35.Rc2 Kh7 36.Qf3 Qg6 37.b6 Rd5 38.Rac1 f4 39.Rc5 Rxc5 40.Rxc5 fxg3 41.
hxg3 Kg8 42.Rc8+ Kh7 43.Qh1+ 1-0

[Event "18th Asia-ch (w)"]
[Site "Sharjah UAE"]
[Date "2014.04.24"]
[Round "8.11"]
[White "Xu Huahua"]
[Black "Dahdal, Lougain"]
[Result "1/2-1/2"]
[WhiteElo "2110"]
[BlackElo "2003"]
[EventDate "2014.04.17"]
[PlyCount "72"]

1.e4 d6 2.d4 g6 3.Nc3 Bg7 4.Be3 a6 5.a4 Nf6 6.Nf3 O-O 7.h3 b6 8.Qd2 Bb7 9.
Bd3 c6 10.Ne2 c5 11.Ng3 Nc6 12.c3 Na5 13.Qe2 cxd4 14.cxd4 d5 15.e5 Ne4 16.
Bf4 Nxg3 17.fxg3 Qd7 18.O-O Nc6 19.Qd2 Na5 20.Qb4 Qd8 21.Rac1 Nc6 22.Qd2 
f6 23.Bh6 Qd7 24.Bxg7 Kxg7 25.exf6+ exf6 26.b4 Qd6 27.b5 Ne7 28.Qf4 Qxf4 
29.gxf4 Rfc8 30.Rxc8 Bxc8 31.Rc1 axb5 32.Rc7 Kf8 33.Bxb5 Ba6 34.Bd7 Bc8 
35.Bc6 Rb8 36.Bb5 Bf5 1/2-1/2

[Event "18th Asia-ch (w)"]
[Site "Sharjah UAE"]
[Date "2014.04.24"]
[Round "8.12"]
[White "Bayar Anu"]
[Black "Saleh, Nora Mohd"]
[Result "1/2-1/2"]
[WhiteElo "2002"]
[BlackElo "1901"]
[EventDate "2014.04.17"]
[PlyCount "99"]

1.d4 d5 2.c4 c6 3.e3 Nf6 4.Bd3 a6 5.Nf3 Bg4 6.Nbd2 Nbd7 7.Qc2 e6 8.O-O Bh5
9.b3 Bg6 10.e4 dxe4 11.Nxe4 Nxe4 12.Bxe4 Bxe4 13.Qxe4 Nf6 14.Qh4 Be7 15.
Qg3 O-O 16.Bh6 Ne8 17.Be3 Nd6 18.Rad1 Qa5 19.a4 Nf5 20.Qf4 Rad8 21.Rd3 b5 
22.Bd2 Qb6 23.a5 Qb7 24.Bc3 h6 25.Rfd1 Nd6 26.c5 Ne8 27.Ne5 Bg5 28.Qf3 Rd5
29.b4 Bf6 30.Ng4 Qe7 31.Ne3 Nc7 32.Nxd5 Nxd5 33.g3 g6 34.Bd2 Bg5 35.Be1 h5
36.Qg2 Kg7 37.h3 Rh8 38.f4 Bf6 39.Bd2 Qd7 40.g4 Qc8 41.Rf1 hxg4 42.hxg4 
Rh4 43.g5 Be7 44.Rh3 Qh8 45.Rff3 Rxh3 46.Rxh3 Qg8 47.Qf2 Bd8 48.f5 exf5 
49.Bf4 f6 50.Qh4 1/2-1/2

[Event "18th Asia-ch (w)"]
[Site "Sharjah UAE"]
[Date "2014.04.24"]
[Round "8.14"]
[White "Assaubaeva, Bibissara"]
[Black "Fuad Kamel Jamaliah, Natalie"]
[Result "1-0"]
[WhiteElo "1891"]
[BlackElo "2015"]
[EventDate "2014.04.17"]
[PlyCount "97"]

1.e4 c5 2.Nf3 d6 3.d4 cxd4 4.Nxd4 Nf6 5.Nc3 a6 6.Be3 e6 7.g4 Be7 8.g5 Nfd7
9.h4 b5 10.a3 Bb7 11.Qd2 Nc6 12.f4 Nxd4 13.Bxd4 e5 14.Be3 exf4 15.Bxf4 Ne5
16.O-O-O O-O 17.Nd5 Rc8 18.Kb1 Bxd5 19.Qxd5 Qc7 20.c3 Qb8 21.h5 Rc5 22.Qb3
Qb7 23.Bg2 Rc4 24.Ka2 a5 25.Bxe5 a4 26.Qc2 dxe5 27.g6 h6 28.Bf1 Rc7 29.Bh3
Qb6 30.Qh2 Bf6 31.Bf5 fxg6 32.hxg6 Re7 33.Rd5 Rd8 34.Rhd1 Ree8 35.Bd7 Re7 
36.Bxb5 Rxd5 37.Rxd5 Ra7 38.Qh3 Rc7 39.Bxa4 Qa6 40.Bb3 Kf8 41.Rd7 Qb6 42.
Qd3 Qc6 43.Rd6 Qa8 44.Qf3 Qa7 45.Qf5 Re7 46.Rd8+ Re8 47.Rd7 Qe3 48.Rf7+ 
Kg8 49.Rxf6+ 1-0

[Event "18th Asia-ch (w)"]
[Site "Sharjah UAE"]
[Date "2014.04.24"]
[Round "8.15"]
[White "Al-Najjar, Huda"]
[Black "Shyngys Kyzy, Aijarkyn"]
[Result "1-0"]
[WhiteElo "1845"]
[BlackElo "1768"]
[EventDate "2014.04.17"]
[PlyCount "63"]

1.e4 e5 2.Nf3 Nf6 3.Bc4 Nc6 4.Ng5 d5 5.exd5 Na5 6.Bb5+ c6 7.dxc6 bxc6 8.
Qf3 Bb7 9.Ba4 Be7 10.a3 O-O 11.O-O c5 12.Qe2 Qd5 13.Nf3 e4 14.Nc3 Qd6 15.
Ng5 h6 16.Ngxe4 Nxe4 17.Nxe4 Qd5 18.b4 Qxe4 19.Qxe4 Bxe4 20.bxa5 Rab8 21.
d3 Bd5 22.c4 Be6 23.Be3 a6 24.Rab1 Rfc8 25.Rb6 Rxb6 26.axb6 g5 27.h4 f5 
28.hxg5 hxg5 29.f4 g4 30.b7 Rb8 31.Bc6 Kf8 32.Rb1 1-0

[Event "18th Asia-ch (w)"]
[Site "Sharjah UAE"]
[Date "2014.04.25"]
[Round "9.1"]
[White "Kharisma Sukandar, Irine"]
[Black "Tan Zhongyi"]
[Result "0-1"]
[WhiteElo "2319"]
[BlackElo "2488"]
[EventDate "2014.04.17"]
[PlyCount "90"]

1.e4 d6 2.d4 g6 3.Nc3 Bg7 4.Nf3 Nf6 5.Bc4 O-O 6.Qe2 Nc6 7.Bg5 h6 8.Bxf6 
exf6 9.O-O-O Re8 10.Bd5 Na5 11.a3 c6 12.Ba2 d5 13.Qd3 Be6 14.Rhe1 Rf8 15.
exd5 cxd5 16.Nh4 f5 17.g3 Kh7 18.Ng2 Nc6 19.Nf4 Nxd4 20.Bxd5 Bxd5 21.Nfxd5
Rc8 22.Qe3 Qd6 23.Rxd4 Rfe8 24.Ne4 fxe4 25.Rxe4 Red8 26.Nf4 Bc3 27.bxc3 
Qxa3+ 28.Kb1 Rd6 29.Re7 Rb6+ 30.Qxb6 axb6 31.Rxf7+ Kg8 32.Rfe7 Qa4 33.Rxb7
Qb5+ 34.Kc1 Qa6 35.Ree7 Qa1+ 36.Kd2 Qxc3+ 37.Ke2 g5 38.Ng2 Qxc2+ 39.Kf1 
Rf8 40.f4 b5 41.g4 gxf4 42.Nh4 Qb1+ 43.Kf2 Qb2+ 44.Kf3 Qc3+ 45.Kf2 Ra8 0-1

[Event "18th Asia-ch (w)"]
[Site "Sharjah UAE"]
[Date "2014.04.25"]
[Round "9.2"]
[White "Pourkashiyan, Atousa"]
[Black "Karavade, Eesha"]
[Result "1/2-1/2"]
[WhiteElo "2335"]
[BlackElo "2414"]
[EventDate "2014.04.17"]
[PlyCount "52"]

1.e4 c5 2.Nf3 e6 3.d4 cxd4 4.Nxd4 Nf6 5.Nc3 d6 6.Be2 Nc6 7.O-O Be7 8.Be3 
O-O 9.f4 Bd7 10.Kh1 Nxd4 11.Qxd4 Bc6 12.a4 a6 13.a5 Qc7 14.Bf3 e5 15.Qc4 
exf4 16.Bxf4 Rac8 17.Rfd1 Qd7 18.Qe2 Qe6 19.Rd2 Rfe8 20.Rad1 Rcd8 21.Rd4 
Rd7 22.h3 h6 23.Qd3 Bf8 24.Bxd6 Bxd6 25.Rxd6 Rxd6 26.Qxd6 Nxe4 1/2-1/2

[Event "18th Asia-ch (w)"]
[Site "Sharjah UAE"]
[Date "2014.04.25"]
[Round "9.3"]
[White "Khademalsharieh, Sarasadat"]
[Black "Hoang Thi Bao Tram"]
[Result "0-1"]
[WhiteElo "2292"]
[BlackElo "2280"]
[EventDate "2014.04.17"]
[PlyCount "157"]

1.d4 d5 2.c4 c6 3.Nc3 Nf6 4.cxd5 cxd5 5.Bf4 Nc6 6.e3 a6 7.Bd3 Bg4 8.Nge2 
e6 9.Rc1 Be7 10.O-O O-O 11.Na4 Nd7 12.Bg3 Bh5 13.a3 Rc8 14.b4 b5 15.Nc5 
Bxc5 16.bxc5 e5 17.Bf5 exd4 18.exd4 g6 19.Bxd7 Bxe2 20.Qxe2 Qxd7 21.Qd3 
Rfe8 22.f3 Re6 23.Bf2 Rce8 24.Qc3 a5 25.Rc2 b4 26.axb4 axb4 27.Qd3 Ra8 28.
Rb2 Ra3 29.Qb5 Qa7 30.Rbb1 Qa8 31.Rfe1 Qa6 32.Qxa6 Rxa6 33.Kf1 Ra2 34.Rxe6
fxe6 35.Be1 Rc2 36.Bxb4 Nxd4 37.Ba3 Nf5 38.Rc1 Ne3+ 39.Kg1 Kf7 40.Rxc2 
Nxc2 41.c6 Ke8 42.Bc5 Kd8 43.Bb6+ Kc8 44.Kf2 Na3 45.f4 Nc4 46.Bd4 Kc7 47.
Ke2 Kxc6 48.Bg7 Nd6 49.Kd3 Nf5 50.Bf6 h5 51.g3 Kc5 52.Be5 Ne7 53.Bg7 Nc6 
54.Bf8+ Kb6 55.h3 Kc7 56.g4 Kd7 57.Bg7 Ke7 58.Bb2 Kf7 59.Bc3 Ke7 60.Bb2 
hxg4 61.hxg4 e5 62.Ke3 Ke6 63.Bc1 e4 64.Bd2 g5 65.Bc3 gxf4+ 66.Kxf4 Ne7 
67.Bd4 Ng6+ 68.Kg5 Ne5 69.Kf4 Nd3+ 70.Ke3 Kd6 71.Bc3 Ne5 72.Kf4 Nd3+ 73.
Ke3 Ke6 74.Bd4 Ne1 75.Bc3 Ng2+ 76.Kf2 Nh4 77.Ke3 Ng6 78.Kd4 Ne5 79.Ke3 0-1

[Event "18th Asia-ch (w)"]
[Site "Sharjah UAE"]
[Date "2014.04.25"]
[Round "9.4"]
[White "Abdumalik, Zhansaya"]
[Black "Gong Qianyun"]
[Result "1/2-1/2"]
[WhiteElo "2379"]
[BlackElo "2327"]
[EventDate "2014.04.17"]
[PlyCount "92"]

1.e4 e6 2.d4 d5 3.Nd2 h6 4.Ngf3 Nf6 5.e5 Nfd7 6.Bd3 c5 7.c3 Nc6 8.a3 a5 9.
O-O Qb6 10.Qa4 c4 11.Bb1 Qc7 12.Ne1 b5 13.Qd1 Ba6 14.f4 g6 15.Ndf3 Bg7 16.
g4 Ne7 17.Ng2 Qb6 18.Be3 h5 19.h3 hxg4 20.hxg4 O-O-O 21.b3 cxb3 22.Qxb3 b4
23.Rc1 bxa3 24.Qxa3 Nc6 25.Ba2 Bf8 26.Qa4 Qc7 27.c4 Nb6 28.Qxc6 Qxc6 29.
cxd5 Qxc1+ 30.Rxc1+ Kb7 31.Ng5 Nxd5 32.Nxf7 Bb4 33.Nxh8 Rxh8 34.f5 gxf5 
35.gxf5 Nxe3 36.Nxe3 exf5 37.Nxf5 Bd3 38.Ng3 Bd2 39.Bd5+ Kb8 40.Rd1 Be3+ 
41.Kg2 Bc2 42.Ra1 Bxd4 43.Rxa5 Bxe5 44.Bf3 Bd4 45.Rd5 Bb6 46.Rd7 Rh7 
1/2-1/2

[Event "18th Asia-ch (w)"]
[Site "Sharjah UAE"]
[Date "2014.04.25"]
[Round "9.5"]
[White "Mongontuul, Batchujagijn"]
[Black "Tania, Sachdev"]
[Result "1/2-1/2"]
[WhiteElo "2432"]
[BlackElo "2427"]
[EventDate "2014.04.17"]
[PlyCount "78"]

1.d4 d5 2.Nf3 Nf6 3.e3 c6 4.Bd3 g6 5.O-O Bg7 6.b3 O-O 7.Bb2 a5 8.c4 a4 9.
bxa4 Nbd7 10.Nc3 Qa5 11.Nd2 Nb6 12.Nb3 Qa7 13.cxd5 Nfxd5 14.Nxd5 Nxd5 15.
a5 Rd8 16.Qf3 Qb8 17.Bc4 Be6 18.a4 Qc8 19.h3 Nc7 20.Bxe6 Qxe6 21.Nc5 Qc8 
22.Qg4 Qxg4 23.hxg4 Na6 24.Nb3 c5 25.Rab1 cxd4 26.Bxd4 Bxd4 27.Nxd4 Rd7 
28.Rfc1 Kg7 29.Rb5 Ra7 30.Rbb1 Nb8 31.Nb3 Rd5 32.Nc5 Rxa5 33.Rxb7 Rdxc5 
34.Rxc5 Rxc5 35.Rxb8 Rc1+ 36.Kh2 Rc4 37.a5 Rxg4 38.Rb7 Ra4 39.Rxe7 Rxa5 
1/2-1/2

[Event "18th Asia-ch (w)"]
[Site "Sharjah UAE"]
[Date "2014.04.25"]
[Round "9.6"]
[White "Pham Le Thao Nguyen"]
[Black "Soumya, Swaminathan"]
[Result "1-0"]
[WhiteElo "2332"]
[BlackElo "2336"]
[EventDate "2014.04.17"]
[PlyCount "104"]

1.d4 Nf6 2.c4 c5 3.d5 e6 4.Nc3 exd5 5.cxd5 d6 6.Nf3 g6 7.Bf4 a6 8.a4 Bg7 
9.h3 O-O 10.e3 Qe7 11.Be2 Nbd7 12.a5 Rb8 13.O-O Ne8 14.Nd2 Ne5 15.Qb3 Nc7 
16.Bg3 f5 17.Rfe1 Bd7 18.f4 Nf7 19.Bf1 Rfe8 20.Kh1 g5 21.fxg5 Qxg5 22.Bf4 
Qf6 23.Nc4 Bb5 24.Nb6 Rbd8 25.Rab1 Bxf1 26.Rxf1 Qh4 27.Ne2 Re4 28.Ng3 Rxf4
29.exf4 Nh6 30.Ne2 Re8 31.Qg3 Qxg3 32.Nxg3 Re3 33.Nh5 Bd4 34.Rfe1 Re4 35.
b3 Kf7 36.Nc4 Ke7 37.Rxe4+ fxe4 38.Re1 Nxd5 39.Rxe4+ Kd7 40.g4 Nf7 41.Kg2 
Nd8 42.h4 Nc6 43.f5 Ne5 44.Nxe5+ Bxe5 45.g5 Ke7 46.Kf3 Kf7 47.Rg4 Ne7 48.
Ke4 Bc3 49.Nf4 Bxa5 50.h5 Bc3 51.f6 Ng8 52.Nd5 Be5 1-0

[Event "18th Asia-ch (w)"]
[Site "Sharjah UAE"]
[Date "2014.04.25"]
[Round "9.7"]
[White "Ni Shiqun"]
[Black "Nguyen Thi Mai Hung"]
[Result "1/2-1/2"]
[WhiteElo "2325"]
[BlackElo "2312"]
[EventDate "2014.04.17"]
[PlyCount "55"]

1.e4 e6 2.d4 d5 3.Nd2 c5 4.exd5 Qxd5 5.Ngf3 cxd4 6.Bc4 Qd6 7.O-O Nf6 8.Nb3
Nc6 9.Nbxd4 Nxd4 10.Nxd4 a6 11.Re1 Qc7 12.Bf1 Bd6 13.Nf5 Bxh2+ 14.Kh1 O-O 
15.Nxg7 Kxg7 16.Qd4 e5 17.Qh4 Ng4 18.f3 Bf4 19.Bxf4 exf4 20.fxg4 Qd6 21.g5
Bf5 22.Rad1 Qc7 23.Bd3 Bxd3 24.Rxd3 Rfe8 25.Rc3 Qd6 26.Rd3 Qc7 27.Rc3 Qd6 
28.Rd3 1/2-1/2

[Event "18th Asia-ch (w)"]
[Site "Sharjah UAE"]
[Date "2014.04.25"]
[Round "9.8"]
[White "Swathi, Ghate"]
[Black "Nguyen Thi Thanh An"]
[Result "0-1"]
[WhiteElo "2269"]
[BlackElo "2237"]
[EventDate "2014.04.17"]
[PlyCount "157"]

1.e4 c5 2.Nf3 d6 3.Bb5+ Nd7 4.O-O a6 5.Bd3 Ngf6 6.Re1 g6 7.c3 Bg7 8.Bc2 
O-O 9.d4 e5 10.a4 Qc7 11.h3 b6 12.Na3 cxd4 13.cxd4 Bb7 14.d5 Rac8 15.a5 b5
16.Bd2 Ne8 17.Rc1 Qd8 18.Bb1 h6 19.Rxc8 Bxc8 20.Qc1 Bb7 21.b4 Kh7 22.Nc2 
Ndf6 23.Ne3 Qd7 24.Kh2 Ng8 25.Qd1 Ne7 26.Nh4 Bf6 27.Nf3 Bg7 28.Nh4 Bf6 29.
Nf3 Bg7 30.g4 Nf6 31.Rg1 Kg8 32.Nh4 Nh7 33.Nhf5 gxf5 34.gxf5 Kh8 35.Qh5 
Ng8 36.Ng2 Ngf6 37.Qh4 Qd8 38.Ne1 Rg8 39.Bxh6 Bxh6 40.Qxh6 Rxg1 41.Kxg1 
Qg8+ 42.Kh2 Qg5 43.Qxg5 Nxg5 44.f3 Nh5 45.h4 Nh7 46.Ng2 N7f6 47.Ne3 Kg7 
48.Bd3 Nf4 49.Bf1 Kf8 50.Kg3 Ke7 51.Nc2 Kd7 52.Ne3 Kc7 53.Nc2 Bc8 54.Ne3 
Bd7 55.Kf2 Kd8 56.Nc2 Ke7 57.Ne3 Ne8 58.Kg3 Kf6 59.Ng4+ Kg7 60.Ne3 Nc7 61.
Nc2 f6 62.Ne3 Be8 63.Nc2 Bf7 64.Ne3 Bxd5 65.exd5 Ncxd5 66.Nc2 Ne7 67.Kf2 
Nc6 68.Be2 Nd5 69.f4 Ndxb4 70.Nxb4 Nxb4 71.fxe5 dxe5 72.Bf3 Nd3+ 73.Ke3 
Nc5 74.Bd5 Kh6 75.Kd2 b4 76.Bf7 Nb7 77.Bc4 Nxa5 78.Bxa6 Kh5 79.Bc8 0-1

[Event "18th Asia-ch (w)"]
[Site "Sharjah UAE"]
[Date "2014.04.25"]
[Round "9.9"]
[White "Gu Tianlu"]
[Black "Hoang Thi Nhu Y"]
[Result "1/2-1/2"]
[WhiteElo "2162"]
[BlackElo "2207"]
[EventDate "2014.04.17"]
[PlyCount "75"]

1.d4 d5 2.c4 c6 3.Nc3 Nf6 4.Nf3 a6 5.c5 b5 6.cxb6 Nbd7 7.g3 e6 8.Bg2 Bd6 
9.O-O O-O 10.Qc2 Qxb6 11.Bf4 Qc7 12.Bxd6 Qxd6 13.e4 Nxe4 14.Nxe4 dxe4 15.
Qxe4 Rb8 16.Qc2 c5 17.Rfd1 Qb6 18.dxc5 Qxc5 19.Qxc5 Nxc5 20.Rac1 Na4 21.b3
Nb6 22.Ne5 Bb7 23.Nc6 Rbe8 24.a4 g6 25.a5 Nd5 26.Bxd5 exd5 27.Rxd5 Re6 28.
Rdc5 Rfe8 29.Kf1 Kg7 30.Nd4 Rd6 31.Nc2 Rd2 32.Ne3 Be4 33.R5c3 Ra2 34.Nc4 
Bd5 35.R3c2 Bxc4+ 36.bxc4 Rxa5 37.c5 Rb5 38.c6 1/2-1/2

[Event "18th Asia-ch (w)"]
[Site "Sharjah UAE"]
[Date "2014.04.25"]
[Round "9.10"]
[White "Saleh, Nora Mohd"]
[Black "Gomes, Mary Ann"]
[Result "0-1"]
[WhiteElo "1901"]
[BlackElo "2386"]
[EventDate "2014.04.17"]
[PlyCount "90"]

1.d4 Nf6 2.Nf3 c5 3.e3 b6 4.Bd3 Bb7 5.Nbd2 d6 6.c3 Nbd7 7.a3 g6 8.O-O Bg7 
9.b4 O-O 10.Bb2 e5 11.e4 exd4 12.cxd4 d5 13.e5 Ne4 14.Re1 Nxd2 15.Qxd2 c4 
16.Bc2 Re8 17.Qf4 Nf8 18.Ng5 Qc7 19.Qg3 Ne6 20.Nxe6 Rxe6 21.h4 f5 22.h5 
Rf8 23.Qh3 Rf7 24.Bc1 Bc8 25.Bf4 Qd8 26.hxg6 hxg6 27.Qg3 Bf8 28.Bg5 Be7 
29.Bxe7 Qxe7 30.f4 Rg7 31.Kf2 Rc6 32.Rh1 Be6 33.Rh6 Bf7 34.Qh3 Be6 35.Rh1 
Kf8 36.Qg3 Bg8 37.Rh8 b5 38.R1h6 a5 39.Qc3 axb4 40.axb4 Ra6 41.Rh1 Qa7 42.
R8h3 Ra2 43.Rc1 Qb6 44.Ra1 Rxc2+ 45.Qxc2 Qxd4+ 0-1

[Event "18th Asia-ch (w)"]
[Site "Sharjah UAE"]
[Date "2014.04.25"]
[Round "9.11"]
[White "Tokhiryanova, Khulkar"]
[Black "Assaubaeva, Bibissara"]
[Result "1/2-1/2"]
[WhiteElo "2126"]
[BlackElo "1891"]
[EventDate "2014.04.17"]
[PlyCount "127"]

1.e4 c5 2.c3 d5 3.exd5 Qxd5 4.d4 Nf6 5.Nf3 e6 6.Nbd2 Nc6 7.Bc4 Qh5 8.O-O 
cxd4 9.cxd4 Bd6 10.h3 O-O 11.Be2 Qd5 12.Bc4 Qa5 13.Nb3 Qc7 14.Be3 Nb4 15.
Qe2 b6 16.a3 Nbd5 17.Rac1 Qd8 18.Ne5 Bb7 19.Nd2 Nd7 20.Ndf3 f6 21.Nd3 Rf7 
22.Qd2 g5 23.Rfe1 Nf8 24.Qe2 Rg7 25.Bd2 a5 26.Nh2 Qe7 27.Ng4 Kh8 28.b4 a4 
29.Rc2 h5 30.Nh2 Bxh2+ 31.Kxh2 Qd6+ 32.Kg1 g4 33.Bh6 Rg6 34.Bxf8 Rxf8 35.
Qxe6 Qxe6 36.Rxe6 gxh3 37.g3 Rg4 38.Rd6 Rc8 39.Bxd5 Rxc2 40.Bxb7 Rc3 41.
Ba6 Rxa3 42.Kh2 Ra1 43.f3 Rg8 44.Rxb6 a3 45.Bc4 Ra8 46.Kxh3 a2 47.Bxa2 
R8xa2 48.g4 Rd2 49.Nc5 Rh1+ 50.Kg3 h4+ 51.Kf4 Rxd4+ 52.Kf5 Rf1 53.Kg6 Rd8 
54.Rxf6 h3 55.Kg5 Rg8+ 56.Kf4 Rg7 57.Kg3 Rh7 58.Rf8+ Kg7 59.Ne6+ Kg6 60.
Nf4+ Kg7 61.Ne6+ Kg6 62.Nf4+ Kg7 63.Ne6+ Kg6 64.Nf4+ 1/2-1/2

[Event "18th Asia-ch (w)"]
[Site "Sharjah UAE"]
[Date "2014.04.25"]
[Round "9.12"]
[White "Xu Huahua"]
[Black "Bayar Anu"]
[Result "1-0"]
[WhiteElo "2110"]
[BlackElo "2002"]
[EventDate "2014.04.17"]
[PlyCount "59"]

1.e4 g6 2.d4 Bg7 3.Nc3 c5 4.Nf3 Qa5 5.Be3 Nf6 6.Qd2 cxd4 7.Nxd4 Nc6 8.f3 
O-O 9.O-O-O d6 10.h4 Bd7 11.g4 Rfc8 12.h5 Ne5 13.hxg6 fxg6 14.Bg5 Nf7 15.
Bxf6 Bxf6 16.Kb1 h6 17.Be2 a6 18.f4 b5 19.e5 dxe5 20.Nb3 Qb6 21.Qxd7 Rd8 
22.Nd5 Qf2 23.Qe6 Qxe2 24.g5 hxg5 25.fxg5 Bxg5 26.Qxg6+ Kf8 27.Rdf1 Bf4 
28.Nxf4 exf4 29.Rh8+ Nxh8 30.Rxf4+ 1-0

[Event "18th Asia-ch (w)"]
[Site "Sharjah UAE"]
[Date "2014.04.25"]
[Round "9.13"]
[White "Khan, Nazrana"]
[Black "Dahdal, Lougain"]
[Result "0-1"]
[WhiteElo "2027"]
[BlackElo "2003"]
[EventDate "2014.04.17"]
[PlyCount "80"]

1.d4 Nf6 2.c4 g6 3.Nc3 Bg7 4.e4 d6 5.Nf3 O-O 6.Be2 Nbd7 7.O-O e5 8.Be3 c6 
9.b4 Qe7 10.d5 Ng4 11.Bg5 f6 12.Bd2 c5 13.bxc5 Nxc5 14.Ne1 Nh6 15.Nd3 Nxd3
16.Bxd3 f5 17.f3 f4 18.a4 g5 19.Be2 Nf7 20.a5 h5 21.h3 Nh6 22.Na4 Rf6 23.
Bb4 Bd7 24.Nb2 Rg6 25.Rc1 g4 26.fxg4 hxg4 27.hxg4 Bxg4 28.c5 Bxe2 29.Qxe2 
Ng4 30.Rf3 Ne3 31.cxd6 Qh4 32.d7 Rd8 33.Rxe3 fxe3 34.Rc8 Rh6 35.Qxe3 Bf6 
36.Nd3 Qh1+ 37.Kf2 Rg6 38.Ne1 Qh4+ 39.Kg1 Qg4 40.d6 Rxc8 0-1

[Event "18th Asia-ch (w)"]
[Site "Sharjah UAE"]
[Date "2014.04.25"]
[Round "9.14"]
[White "Derakhshani, Dorsa"]
[Black "Al-Najjar, Huda"]
[Result "1-0"]
[WhiteElo "2154"]
[BlackElo "1845"]
[EventDate "2014.04.17"]
[PlyCount "117"]

1.e4 c5 2.Nf3 a6 3.c4 Nc6 4.d4 cxd4 5.Nxd4 Nf6 6.Nc3 Qc7 7.Be2 e6 8.O-O 
Bc5 9.Nb3 Ba7 10.c5 O-O 11.Be3 Bb8 12.f4 Ne7 13.Bd4 Ng6 14.e5 Ne8 15.Ne4 
f6 16.Nd6 Qd8 17.Nd2 fxe5 18.fxe5 Nxd6 19.exd6 e5 20.Bc3 Ba7 21.b4 b6 22.
Qb3+ Kh8 23.Rxf8+ Nxf8 24.Qd5 Rb8 25.Qxe5 Ne6 26.Rf1 Bb7 27.Rf7 Qg8 28.
Rxd7 bxc5 29.bxc5 Bxc5+ 30.Kh1 Bc8 31.Re7 Bb4 32.Bxb4 Rxb4 33.d7 Bxd7 34.
Rxd7 Rb8 35.Bc4 Rc8 36.h3 Re8 37.Rd6 Nc7 38.Bxg8 Rxe5 39.Bf7 g6 40.Rd8+ 
Kg7 41.Rd7 Nb5 42.Nf3 Rc5 43.Bb3+ Kh6 44.Bg8 Rc7 45.Rxc7 Nxc7 46.Nd4 Kg7 
47.Ne6+ Nxe6 48.Bxe6 Kf6 49.Bc4 a5 50.Kg1 Ke5 51.Kf2 Kd4 52.Bf7 g5 53.Kf3 
a4 54.Kg4 h6 55.Kh5 Ke5 56.a3 Kf4 57.g4 Kg3 58.Kxh6 Kxh3 59.Kxg5 1-0